Statistiques concernant Formes des pays de l'UEFA Euro 2024

Cliquez ici pour prendre le quiz!

Statistiques générales

  • Ce quiz a été pris 175 fois
    (10 depuis la dernière actualisation)
  • Le résultat moyen est 20 sur 24

Statistiques - réponses

Réponse% Correct
Croatie
100%
France
100%
Allemagne
89%
Angleterre
89%
Autriche
89%
Espagne
89%
Italie
89%
Pologne
89%
Portugal
89%
Roumanie
89%
Serbie
89%
Suisse
89%
Turquie
89%
Albanie
78%
Danemark
78%
Écosse
78%
Géorgie
78%
Hongrie
78%
Pays-Bas
78%
République Tchèque
78%
Ukraine
78%
Belgique
67%
Slovaquie
67%
Slovénie
56%

Distribution des résultats

Percentile par nombre de réponses

% des personnes avec chaque résultat

Votre développement - résultats

Vous n’avez pas pris ce quiz depuis la dernière actualisation